00342nam a22001457a 450000500170000001000130001702000230003003500130005303700130006608200060007910000200008524500450010526000250015030000210017520190128164234.0 aB-084420 a8171678963c150.00 aB-084420 bRupa Co. aS aGoswami, Indira aThe shadow of kamakhya /cIndira Goswami aNew DelhibRupa. Co. a195p.c22cm(pbk)